000 006880000a22001930004500
003 LK-CoMWRAF
005 20231226102539.0
008 230817t1985 ||||| |||| 00| 0 eng d
040 _aLK-CoMWRAF
_dLK-CoMWRAF
_eLK-CoMWRAF
041 _aeng
082 _a305.42
_bINT
110 _aInternational Centre for Ethnic Studies
245 _aEthnic identity and the status of women:
_b report on international workshop held in Colombo, Sri Lanka, September 9th-11th, 1984
260 _aColombo:
_bInternational Centre for Ethnic Studies,
_c1985
300 _a 26 p. ; 22 cm
650 _aEthnicity-Developing countries-Congresses-Women
650 _aWomen-Developing countries
942 _cRP
999 _c2485
_d2485